[Event "Washington Class Ch - C Section"]
[Site "Redmond, WA"]
[Date "2009.11.29"]
[Round "6"]
[White "Grabar, Svetlana"]
[Black "Omori, Jeff"]
[Result "0-1"]
[WhiteElo "1460"]
[BlackElo "1473"]
[PlyCount "68"]
[EventDate "2009.11.29"]
[Source "NWChess.com"]
[SourceDate "2009.12.26"]

1. e4 c6 2. d4 d5 3. e5 c5 4. c3 e6 5. Nf3 Nc6 6. Bd3 cxd4 7. cxd4 Bb4+ 8. Bd2
Qb6 9. Bxb4 Nxb4 10. Bc2 Nxc2+ 11. Qxc2 Ne7 12. Nbd2 Bd7 13. Qb3 Qa6 14. O-O-O
Ba4 15. Qa3 Rc8+ 16. Kb1 Bc2+ 17. Ka1 Bxd1 18. Rxd1 Qxa3 19. bxa3 O-O 20. Nb3
Rc2 21. Rd2 Rfc8 22. Kb1 Rxd2 23. Nfxd2 b6 24. a4 Nc6 25. Kb2 Nb4 26. Kb1 Nd3
27. f3 Kf8 28. Nf1 Rc4 29. Ne3 Rxa4 30. Nc2 Rc4 31. Nc1 Nxc1 32. Kxc1 a5 33.
Kb2 Ke7 34. Na3 Rxd4 0-1

[Event "Washington Class Ch - C Section"]
[Site "Redmond, WA"]
[Date "2009.11.28"]
[Round "3"]
[White "Hu, Jiayi"]
[Black "Bashkansky, Ethan"]
[Result "0-1"]
[WhiteElo "1507"]
[BlackElo "1538"]
[PlyCount "98"]
[EventDate "2009.11.29"]
[Source "NWChess.com"]
[SourceDate "2009.12.26"]

1. d4 d5 2. c4 dxc4 3. e3 e5 4. Bxc4 exd4 5. Qxd4 Qxd4 6. exd4 Nf6 7. Nc3 Bb4
8. Bf4 c6 9. O-O-O O-O 10. Nge2 Nbd7 11. d5 Nb6 12. Bb3 Nbxd5 13. Bxd5 Nxd5 14.
Nxd5 cxd5 15. a3 Bc5 16. Nc3 Bxf2 17. Nxd5 Be6 18. Ne7+ Kh8 19. Rhf1 Bc5 20.
Bd6 Bxd6 21. Rxd6 Rfd8 22. Rfd1 Re8 23. Nd5 Rad8 24. Nf4 Rxd6 25. Rxd6 g6 26.
Nxe6 Rxe6 27. Rd7 Re2 28. Rxf7 Rxg2 29. Rxb7 Rxh2 30. Rxa7 g5 31. Ra5 g4 32.
Rg5 Rg2 33. b4 h6 34. Rh5 Kg7 35. b5 g3 36. Rh1 Rf2 37. Rh3 g2 38. Rg3+ Kf6 39.
b6 Rf1+ 40. Kc2 g1=Q 41. Rxg1 Rxg1 42. a4 Ke6 43. a5 Kd7 44. a6 Kc6 45. a7 Rg8
46. Kd2 Kxb6 47. a8=Q Rxa8 48. Ke2 h5 49. Kf2 Rg8 0-1

[Event "Washington Class Ch - C Section"]
[Site "Redmond, WA"]
[Date "2009.11.27"]
[Round "1"]
[White "Hu, Jiayi"]
[Black "May, Sarah"]
[Result "1/2-1/2"]
[WhiteElo "1507"]
[BlackElo "1599"]
[PlyCount "52"]
[EventDate "2009.11.29"]
[Source "NWChess.com"]
[SourceDate "2009.12.26"]

1. d4 d5 2. c4 c6 3. Nc3 Nf6 4. Nf3 a6 5. e3 Bf5 6. Be2 e6 7. O-O Nbd7 8. a3
dxc4 9. Bxc4 Nb6 10. Bb3 Be7 11. Re1 Qc7 12. Ne5 Rd8 13. e4 Bg6 14. Nxg6 hxg6
15. g3 Rd7 16. e5 Nfd5 17. Nxd5 Nxd5 18. Bd2 O-O 19. Qg4 Qb6 20. Bxd5 Rxd5 21.
Bc3 Qa7 22. Red1 Bd8 23. Bb4 Re8 24. Bc3 Bb6 25. b4 Red8 26. a4 a5 {
missing moves} 1/2-1/2

[Event "Washington Class Ch - C Section"]
[Site "Redmond, WA"]
[Date "2009.11.28"]
[Round "3"]
[White "Janko, Imre"]
[Black "Grabar, Anatoly"]
[Result "0-1"]
[WhiteElo "1506"]
[BlackElo "1589"]
[PlyCount "84"]
[EventDate "2009.11.29"]
[Source "NWChess.com"]
[SourceDate "2009.12.26"]

1. e4 c6 2. d4 d5 3. Nc3 dxe4 4. Nxe4 Bf5 5. Ng3 Bg6 6. Nf3 Nd7 7. h4 h6 8. h5
Bh7 9. Bd3 Bxd3 10. Qxd3 Qc7 11. Bd2 e6 12. O-O-O Ngf6 13. c4 O-O-O 14. Qb3 c5
15. Rh4 cxd4 16. Nxd4 Nc5 17. Qc2 a6 18. b4 Ncd7 19. c5 Nb8 20. Nb3 Be7 21. Rc4
Nc6 22. a4 Nd5 23. b5 Ne5 24. Ba5 Bg5+ 25. Kb1 Nxc4 26. Qxc4 Qe5 27. Bxd8 Nc3+
28. Kc2 Nxd1 29. Kxd1 Rxd8+ 30. Kc2 Qd5 31. Qxd5 Rxd5 32. Ne4 Be7 33. bxa6 bxa6
34. Kc3 f5 35. Nd6+ Bxd6 36. cxd6 Rxd6 37. Kc4 e5 38. f3 Kc7 39. g4 fxg4 40.
fxg4 e4 41. Nd4 e3 42. Nf3 e2 0-1

[Event "Washington Class Ch - C Section"]
[Site "Redmond, WA"]
[Date "2009.11.29"]
[Round "5"]
[White "Janko, Imre"]
[Black "Hu, Jiayi"]
[Result "0-1"]
[WhiteElo "1506"]
[BlackElo "1507"]
[PlyCount "82"]
[EventDate "2009.11.29"]
[Source "NWChess.com"]
[SourceDate "2009.12.26"]

1. e4 e6 2. d4 d5 3. Nc3 Nf6 4. e5 Nfd7 5. f4 c5 6. Nf3 Nc6 7. Be2 Be7 8. O-O
cxd4 9. Nb5 Bc5 10. Nbxd4 Nxd4 11. Nxd4 O-O 12. Kh1 Bxd4 13. Qxd4 f6 14. Bg4
Qb6 15. Be3 f5 16. Qxb6 Nxb6 17. Bxb6 axb6 18. Be2 Bd7 19. Rfd1 Bc6 20. b3 Ra3
21. c4 Rfa8 22. Rd2 Rxb3 23. axb3 Rxa1+ 24. Rd1 Ra2 25. Bf3 dxc4 26. bxc4 Rf2
27. Bxc6 bxc6 28. g3 Rc2 29. Rd6 Rxc4 30. Rxe6 Kf7 31. Rd6 Ke7 32. Rd1 b5 33.
Ra1 Ra4 34. Rc1 Ra6 35. h3 b4 36. g4 fxg4 37. hxg4 b3 38. Rb1 Rb6 39. Kg2 c5
40. Kf2 c4 41. Ke2 c3 0-1

[Event "Washington Class Ch - C Section"]
[Site "Redmond, WA"]
[Date "2009.11.28"]
[Round "3"]
[White "Janko, Imre"]
[Black "Lee, William"]
[Result "1-0"]
[WhiteElo "1506"]
[BlackElo "1279"]
[PlyCount "79"]
[EventDate "2009.11.29"]
[Source "NWChess.com"]
[SourceDate "2009.12.26"]

1. e4 c5 2. Nf3 e6 3. d4 cxd4 4. Nxd4 a6 5. Nc3 Qc7 6. Be2 Bb4 7. Bd2 Nf6 8. f3
O-O 9. a3 Bc5 10. Nb3 Ba7 11. Bg5 Qb6 12. Rf1 e5 13. Qd2 h6 14. Bh4 Qc6 15.
O-O-O b5 16. Na5 Qb6 17. Nd5 Nxd5 18. Qxd5 Nc6 19. Nxc6 dxc6 20. Qd6 Qe3+ 21.
Rd2 Bd4 22. Bf2 Qg5 23. Bxd4 exd4 24. Qxd4 Be6 25. f4 Qe7 26. Rfd1 c5 27. Qd6
Qxd6 28. Rxd6 Rfb8 29. f5 Bc8 30. Rd8+ Kh7 31. Rf8 Bb7 32. Rxf7 Bxe4 33. Rdd7
Rg8 34. Bh5 Bxg2 35. Bg6+ Kh8 36. f6 Rge8 37. Rxg7 Red8 38. Rh7+ Kg8 39. Rdg7+
Kf8 40. Rh8# 1-0

[Event "Washington Class Ch - C Section"]
[Site "Redmond, WA"]
[Date "2009.12.29"]
[Round "5"]
[White "Ma, Kevin"]
[Black "Arora, Mayhul"]
[Result "1/2-1/2"]
[WhiteElo "1255"]
[BlackElo "1406"]
[PlyCount "85"]
[EventDate "2009.11.29"]
[Source "NWChess.com"]
[SourceDate "2009.12.26"]

1. e4 c5 2. Nf3 d6 3. d4 cxd4 4. Nxd4 Nf6 5. Nc3 g6 6. Be3 Bg7 7. Be2 O-O 8.
O-O Nc6 9. Qd2 Bd7 10. Rad1 a6 11. f4 Qa5 12. a3 Rfe8 13. Nb3 Qc7 14. f5 Ne5
15. h3 Bc6 16. Bd3 b5 17. g4 Nc4 18. Qc1 Nxe3 19. Qxe3 Qa7 20. Qxa7 Rxa7 21.
Rfe1 Rc7 22. Na5 Ba8 23. Na2 Nd7 24. c3 Nc5 25. Bc2 Rec8 26. Nb4 g5 27. Nd5
Bxd5 28. exd5 Nb7 29. Nc6 Re8 30. Re2 Nd8 31. Nxd8 Rxd8 32. Bd3 Bf6 33. a4 Rc5
34. axb5 axb5 35. Bc2 Rdc8 36. Rdd2 Kf8 37. Kf2 Be5 38. Ke1 Bf4 39. Rd4 b4 40.
Rxb4 Rc4 41. Rxc4 Rxc4 42. Re4 Rxe4+ 43. Bxe4 1/2-1/2

[Event "Washington Class Ch - C Section"]
[Site "Redmond, WA"]
[Date "2009.11.27"]
[Round "2"]
[White "Ma, Kevin"]
[Black "Rowe, Stuart"]
[Result "1/2-1/2"]
[WhiteElo "1255"]
[BlackElo "1315"]
[PlyCount "77"]
[EventDate "2009.11.29"]
[Source "NWChess.com"]
[SourceDate "2009.12.26"]

1. e4 d6 2. d4 Nf6 3. Nc3 g6 4. Nf3 Bg7 5. Bc4 O-O 6. O-O Nxe4 7. Nxe4 d5 8.
Bxd5 Qxd5 9. Nc3 Qd8 10. Be3 Bg4 11. Re1 Nc6 12. Ne2 Bxf3 13. gxf3 e6 14. c3
Ne7 15. Ng3 Nd5 16. Qd2 h5 17. Bh6 Qf6 18. Bxg7 Kxg7 19. Qe2 Qg5 20. Kh1 Nf4
21. Qe5+ Qxe5 22. Rxe5 Nd3 23. Re2 Rad8 24. Rd1 Nf4 25. Re5 Rd5 26. Rxd5 Nxd5
27. Ne4 b6 28. c4 Nb4 29. a3 Nc6 30. Kg2 Rd8 31. d5 exd5 32. Rxd5 Rxd5 33. cxd5
Ne7 34. d6 cxd6 35. Nxd6 Nc6 36. Kg3 Kf6 37. Kf4 Ke6 38. Nb5 Kd5 39. a4 {
remaining moves unclear. A draw was agreed two moves later.} 1/2-1/2

[Event "Washington Class Ch - C Section"]
[Site "Redmond, WA"]
[Date "2009.11.29"]
[Round "6"]
[White "Marcjan, Cezary"]
[Black "Ascheman, Trey"]
[Result "1-0"]
[WhiteElo "1405"]
[BlackElo "940"]
[PlyCount "65"]
[EventDate "2009.11.29"]
[Source "NWChess.com"]
[SourceDate "2009.12.26"]

1. e4 e5 2. Nf3 Nc6 3. Bc4 Nf6 4. O-O Nxe4 5. Re1 Nf6 6. Nxe5 Nxe5 7. Rxe5+ Be7
8. d4 d5 9. Bb3 O-O 10. Nc3 c6 11. Qe1 Bd6 12. Re2 Ng4 13. h3 Bh2+ 14. Kf1 Nf6
15. Bg5 Qd7 16. Re3 Re8 17. Bxf6 Rxe3 18. Qxe3 gxf6 19. Ke2 Qf5 20. g4 Qg6 21.
Rf1 Bd7 22. Kd1 Re8 23. Qd2 b5 24. f4 Qh6 25. Qxh2 Bxg4+ 26. Kc1 Re3 27. Qg2 f5
28. hxg4 fxg4 29. Qxg4+ Kf8 30. Qg5 Qh3 31. Qd8+ Kg7 32. Rg1+ Kh6 33. Qg5# 1-0

[Event "Washington Class Ch - C Section"]
[Site "Redmond, WA"]
[Date "2009.12.26"]
[Round "3"]
[White "Marcjan, Cezary"]
[Black "Ma, Kevin"]
[Result "0-1"]
[WhiteElo "1405"]
[BlackElo "1255"]
[PlyCount "38"]
[EventDate "2009.11.29"]
[Source "NWChess.com"]
[SourceDate "2009.12.26"]

1. e4 c5 2. Nf3 d6 3. Bc4 Nf6 4. c3 Nc6 5. Qc2 Bg4 6. d3 Bxf3 7. gxf3 e6 8. f4
d5 9. Bb5 a6 10. Bxc6+ bxc6 11. f3 g6 12. Be3 Qa5 13. Nd2 Nd7 14. Nb3 Qb6 15.
Nxc5 Nxc5 16. b4 d4 17. bxc5 Qxc5 18. Bf2 Qxc3+ 19. Qxc3 dxc3 {missing moves}
0-1

[Event "Washington Class Ch - C Section"]
[Site "Redmond, WA"]
[Date "2009.11.29"]
[Round "6"]
[White "May, Sarah"]
[Black "Ma, Kevin"]
[Result "1/2-1/2"]
[WhiteElo "1599"]
[BlackElo "1255"]
[PlyCount "62"]
[EventDate "2009.11.29"]
[Source "NWChess.com"]
[SourceDate "2009.12.26"]

1. d4 d5 2. Nf3 Nf6 3. Bf4 Bf5 4. e3 e6 5. c3 Be7 6. Qb3 Qc8 7. Nbd2 O-O 8. Be2
c5 9. dxc5 Bxc5 10. h3 Nc6 11. O-O Re8 12. Ne5 Nxe5 13. Bxe5 Nd7 14. Bg3 a6 15.
Bf3 Nf6 16. c4 Ra7 17. cxd5 exd5 18. Rac1 Re6 19. Bxd5 Nxd5 20. Qxd5 Rc6 21.
Nb3 Bb6 22. Rxc6 bxc6 23. Qc4 Re7 24. Rc1 Re6 25. Qb4 Ba7 26. Nd2 Rg6 27. Kh2
h6 28. e4 Bd7 29. Nf3 Re6 30. Ne5 Bxf2 31. Bxf2 Rxe5 1/2-1/2

[Event "Washington Class Ch - C Section"]
[Site "Redmond, WA"]
[Date "2009.11.29"]
[Round "5"]
[White "Omori, Jeff"]
[Black "Chang, Evangeline"]
[Result "0-1"]
[WhiteElo "1473"]
[BlackElo "1255"]
[PlyCount "104"]
[EventDate "2009.11.29"]
[Source "NWChess.com"]
[SourceDate "2009.12.26"]

1. e4 c5 2. Nf3 e6 3. d4 cxd4 4. Nxd4 Nc6 5. Nc3 Nf6 6. Bc4 Qc7 7. Nf3 h6 8.
Bb3 Bb4 9. Qd3 O-O 10. O-O a6 11. Re1 d6 12. a3 Ba5 13. Nd4 Ne5 14. Qg3 Kh8 15.
Re2 Bb6 16. Nf3 Ng6 17. Bd2 e5 18. Nh4 Nxh4 19. Qxh4 Qd8 20. Rd1 (20. Bg5)
20... Bg4 21. Rde1 Bxe2 22. Nxe2 d5 23. Ng3 Nxe4 24. Qxd8 Raxd8 25. Nxe4 dxe4
26. Bc3 Bd4 27. Bb4 f5 28. Bxf8 Rxf8 29. c3 Bc5 30. Rd1 Re8 31. Kf1 b6 32. a4
a5 33. Bc4 e3 34. fxe3 Bxe3 35. b4 Rc8 36. Rd3 Rxc4 37. Rxe3 e4 38. bxa5 bxa5
39. Kf2 Rxa4 40. Re2 Rc4 41. Rc2 Kh7 42. Ke3 Kg6 43. g3 Kf6 44. h4 g5 45. hxg5+
hxg5 46. Kd2 Ke5 47. Rb2 Kd5 48. Rb5+ Rc5 49. Rb7 Kc4 50. Rd7 Rd5+ 51. Rxd5
Kxd5 52. Ke3 Kc4 0-1

[Event "Washington Class Ch - C Section"]
[Site "Redmond, WA"]
[Date "2009.11.25"]
[Round "1"]
[White "Omori, Jeff"]
[Black "Grabar, Anatoly"]
[Result "1-0"]
[WhiteElo "1473"]
[BlackElo "1589"]
[PlyCount "51"]
[EventDate "2009.11.29"]
[Source "NWChess.com"]
[SourceDate "2009.12.26"]

1. e4 c6 2. d4 d5 3. Nc3 dxe4 4. Nxe4 Bf5 5. Ng3 Bg6 6. Nf3 Nd7 7. Bd3 Qc7 8.
O-O Ngf6 9. Re1 e6 10. Ne5 Bd6 11. Nc4 Bxg3 12. hxg3 Nd5 13. Ne5 Nxe5 14. dxe5
O-O-O 15. Qf3 Bxd3 16. Qxd3 h5 17. Qa3 Kb8 18. c4 Ne7 19. Be3 b6 20. Bg5 Rd7
21. Bxe7 Rxe7 22. Rad1 h4 23. Rd6 Rd7 24. Red1 Kc8 25. Rxd7 Qb8 26. Qa6+ 1-0

[Event "Washington Class Ch - C Section"]
[Site "Redmond, WA"]
[Date "2009.11.28"]
[Round "3"]
[White "Omori, Jeff"]
[Black "Monahan, Darby"]
[Result "1/2-1/2"]
[WhiteElo "1473"]
[BlackElo "1569"]
[PlyCount "85"]
[EventDate "2009.11.29"]
[Source "NWChess.com"]
[SourceDate "2009.12.26"]

1. d4 Nf6 2. Nf3 e6 3. c4 Bb4+ 4. Nc3 c5 5. e3 Bxc3+ 6. bxc3 d5 7. Be2 Nbd7 8.
O-O Qc7 9. Qc2 Nb6 10. Ba3 cxd4 11. cxd4 Bd7 12. Ne5 dxc4 13. Nxd7 Qxd7 14. Bc5
Na4 15. Qxc4 Nxc5 16. Qxc5 b6 17. Qb4 Nd5 18. Qb5 Qxb5 19. Bxb5+ Ke7 20. Rfc1
Rac8 21. Kf1 Kd6 22. Ke1 Rc7 23. Kd2 Rhc8 24. Rxc7 Rxc7 25. Rc1 Rxc1 26. Kxc1
Nc3 27. Bc4 Nd5 28. Kb2 Nf6 29. f3 Nd5 30. Bxd5 Kxd5 31. Kc3 Kc6 32. a4 a6 33.
e4 f6 34. Kc4 Kd6 35. d5 e5 36. h4 g6 37. g3 h6 38. g4 h5 39. gxh5 gxh5 40. Kb4
f5 41. Kc4 f4 42. Kb4 Kd7 43. Kc4 1/2-1/2

[Event "Washington Class Ch - C Section"]
[Site "Redmond, WA"]
[Date "2009.11.25"]
[Round "2"]
[White "Piper, August"]
[Black "Omori, Jeff"]
[Result "1-0"]
[WhiteElo "1518"]
[BlackElo "1473"]
[PlyCount "71"]
[EventDate "2009.11.29"]
[Source "NWChess.com"]
[SourceDate "2009.12.26"]

1. b3 e5 2. Bb2 Nc6 3. e4 Nf6 4. d3 Bc5 5. h3 d5 6. exd5 Nxd5 7. Nf3 Qf6 8.
Nbd2 O-O 9. Ne4 Qe7 10. Be2 Bb6 11. Qd2 Nd4 12. a4 a5 13. Ba3 c5 14. Bd1 Re8
15. O-O Bf5 16. Ng3 Qd7 17. c3 Nc6 18. Nxf5 Qxf5 19. Bc2 Qf6 20. Rae1 Rac8 21.
Re4 Nf4 22. Kh2 Ng6 23. Rfe1 Qd6 24. g3 f5 25. R4e2 Qf6 26. Bb2 f4 27. g4 Bc7
28. d4 cxd4 29. cxd4 Rcd8 30. Qc3 Rd5 31. Qc4 Kf8 32. Qxd5 Rd8 33. Qe4 Qe7 34.
dxe5 Qc5 35. Qf5+ Ke8 36. e6 1-0

[Event "Washington Class Ch - C Section"]
[Site "Redmond, WA"]
[Date "2009.11.28"]
[Round "3"]
[White "Rowe, Stuart"]
[Black "Dawson, Drew"]
[Result "0-1"]
[WhiteElo "1315"]
[BlackElo "1386"]
[PlyCount "50"]
[EventDate "2009.11.29"]
[Source "NWChess.com"]
[SourceDate "2009.12.26"]

1. c4 Nf6 2. g3 g6 3. Bg2 Bg7 4. Nc3 c5 5. Nf3 Nc6 6. O-O O-O 7. d3 d6 8. a3 a5
9. Rb1 Be6 10. Re1 Qd7 11. Bd2 Bh3 12. Nb5 Bxg2 13. Kxg2 Ne8 14. Bc3 Nc7 15.
Bxg7 Kxg7 16. Nxc7 Qxc7 17. Qd2 Rab8 18. e4 b5 19. b3 bxc4 20. bxc4 Rxb1 21.
Rxb1 Rb8 22. Rxb8 Qxb8 23. Qc3+ Kg8 24. e5 dxe5 25. Nxe5 Qxe5 0-1

[Event "Washington Class Ch - C Section"]
[Site "Redmond, WA"]
[Date "2009.11.29"]
[Round "6"]
[White "Rowe, Stuart"]
[Black "Janko, Imre"]
[Result "1-0"]
[WhiteElo "1315"]
[BlackElo "1506"]
[PlyCount "87"]
[EventDate "2009.11.29"]
[Source "NWChess.com"]
[SourceDate "2009.12.26"]

1. c4 Nf6 2. g3 g6 3. Bg2 Bg7 4. Nc3 d6 5. d3 O-O 6. Nf3 c5 7. O-O Nc6 8. Bd2
a6 9. Rb1 Rb8 10. b3 Na7 11. Ng5 b5 12. Nge4 Nxe4 13. Nxe4 Bb7 14. f4 Qd7 15.
Ng5 Bxg2 16. Kxg2 Nc6 17. e4 bxc4 18. dxc4 h6 19. Nf3 Nb4 20. Bxb4 Rxb4 21. e5
Qc6 22. Qd5 Qxd5 23. cxd5 dxe5 24. fxe5 Rd8 25. Rfd1 Re4 26. d6 exd6 27. exd6
Re2+ 28. Kh3 Rxa2 29. Rd5 Rc2 30. d7 Rf2 31. Re1 Kf8 32. Ne5 Rf6 33. Rxc5 Re6
34. Rc8 Bf6 35. Rxd8+ Bxd8 36. Nxg6+ Kg7 37. Rxe6 fxe6 38. Ne5 Kf6 39. Nc6 Bc7
40. d8=Q+ Bxd8 41. Nxd8 e5 42. Kg4 h5+ 43. Kf3 Kf5 44. h3 1-0

[Event "Washington Class Ch - C Section"]
[Site "Redmond, WA"]
[Date "2009.11.27"]
[Round "1"]
[White "Rowe, Stuart"]
[Black "Marcjan, Cezary"]
[Result "1-0"]
[WhiteElo "1315"]
[BlackElo "1405"]
[PlyCount "68"]
[EventDate "2009.11.29"]
[Source "NWChess.com"]
[SourceDate "2009.12.26"]

1. c4 e5 2. g3 Nf6 3. Bg2 c6 4. Nc3 Bc5 5. a3 a6 6. e3 d5 7. d4 exd4 8. exd4
Ba7 9. cxd5 Nxd5 10. Nxd5 cxd5 11. Nf3 O-O 12. O-O Be6 13. Re1 Nc6 14. b4 b5
15. Bb2 Qd7 16. Rc1 Rac8 17. Ng5 Bg4 18. Qd3 Bf5 19. Qd1 h6 20. Nf3 Be4 21. Ne5
Nxe5 22. dxe5 Bxg2 23. Kxg2 Qf5 24. f4 Rfd8 25. Rxc8 Qxc8 26. Re2 Qc4 27. Rd2
Rc8 28. Rd3 Qc2+ 29. Qd2 Qc4 30. Qd1 Rd8 31. Kh3 Rd7 32. Kg4 Qe4 33. h3 Bf2 (
33... h5+) 34. Qf3 h5+ $19 {The remaining moves were not recorded due to time
pressure. Somehow white did not get checkmated, and won the game.} 1-0

[Event "Washington Class Ch - C Section"]
[Site "Redmond, WA"]
[Date "2009.11.28"]
[Round "4"]
[White "Smith, Colin"]
[Black "Varner, Murlin"]
[Result "0-1"]
[WhiteElo "1452"]
[BlackElo "1557"]
[PlyCount "68"]
[EventDate "2009.11.29"]
[Source "NWChess.com"]
[SourceDate "2009.12.26"]

1. e4 e6 2. f4 d5 3. e5 c5 4. Nf3 Be7 5. b3 f6 6. d4 cxd4 7. Nxd4 Nc6 8. Bb5
Bd7 9. Nxc6 bxc6 10. Bd3 g6 11. Bb2 f5 12. Nd2 Bc5 13. Qe2 Ne7 14. Nf3 Qb6 15.
c3 a5 16. g3 O-O 17. Nd4 Rfb8 18. Bc2 a4 19. Rd1 axb3 20. axb3 Bxd4 21. cxd4 c5
22. dxc5 Qxc5 23. Bd4 Qb4+ 24. Qd2 Qb5 25. b4 Nc6 26. Rb1 Nxb4 27. Kf2 Qc4 28.
Rhc1 Nc6 29. Rxb8+ Rxb8 30. Ke3 Nxd4 31. Qxd4 Rb3+ 32. Bxb3 Qxc1+ 33. Qd2 d4+
34. Kd3 Bb5+ 0-1

[Event "Washington Class Ch - C Section"]
[Site "Redmond, WA"]
[Date "2009.11.27"]
[Round "2"]
[White "Smith, Colin"]
[Black "Viswanathan, Abinav"]
[Result "0-1"]
[WhiteElo "1452"]
[BlackElo "1344"]
[PlyCount "55"]
[EventDate "2009.11.29"]
[Source "NWChess.com"]
[SourceDate "2009.12.26"]

1. e4 c5 2. Nf3 d6 3. Bb5+ Bd7 4. Bxd7+ Qxd7 5. c4 Nc6 6. d4 cxd4 7. Nxd4 g6 8.
Nc3 Bg7 9. Be3 Nf6 10. f3 Rc8 11. b3 O-O 12. Qd2 Rfd8 13. Nde2 e6 14. Bh6 Ne8
15. Bxg7 Nxg7 16. h4 f5 17. Qh6 fxe4 18. Nxe4 Nf5 19. Qd2 Kg7 (19... Ne5 {
missing move on scoresheet}) 20. Qc3+ Kg8 21. h5 Qe8 22. hxg6 Qxg6 23. Nf4 Qf7
24. O-O-O Ng3 25. Rh4 Qxf4+ 26. Rxf4 Ne2+ 27. Kc2 Nxc3 28. Kxc3 {
black played ...Ng6, etc.} 0-1

[Event "Washington Class Ch - C Section"]
[Site "Redmond, WA"]
[Date "2009.11.28"]
[Round "4"]
[White "Tang, Wayee"]
[Black "Marcjan, Cezary"]
[Result "1-0"]
[WhiteElo "1517"]
[BlackElo "1405"]
[PlyCount "97"]
[EventDate "2009.11.29"]
[Source "NWChess.com"]
[SourceDate "2009.12.26"]

1. e4 e5 2. Nf3 Nc6 3. Bc4 Nf6 4. O-O Bc5 5. Re1 O-O 6. c3 Ne7 7. Nxe5 d5 8.
exd5 Nexd5 9. d4 Bd6 10. Bg5 Be6 11. Bxd5 Bxd5 12. c4 Be6 13. d5 Bf5 14. Qf3
Bg6 15. Bxf6 Qxf6 16. Qxf6 gxf6 17. Nd7 Rfe8 18. Rxe8+ Rxe8 19. Nxf6+ Kf8 20.
Nxe8 Kxe8 21. Nc3 a6 22. Re1+ Kd7 23. Ne4 Bb4 24. Re2 b6 25. a3 Be7 26. g4 c6
27. dxc6+ Kxc6 28. f4 f5 29. gxf5 Bxf5 30. Ng3 Bc5+ 31. Kg2 Bd3 32. Re1 Bxc4
33. b4 Bd6 34. Kf3 Bd5+ 35. Ke3 Kb5 36. Ne4 Bxe4 37. Kxe4 Ka4 38. Re3 a5 39.
bxa5 Kxa5 40. h3 Ka4 41. f5 Bxa3 42. Rxa3+ Kxa3 43. f6 b5 44. f7 b4 45. f8=Q
Kb3 46. Qf7+ Kb2 47. Qxh7 b3 48. Qb7 Kc2 49. Qxb3+ 1-0

[Event "Washington Class Ch - C Section"]
[Site "Redmond, WA"]
[Date "2009.11.27"]
[Round "1"]
[White "Varner, Murlin"]
[Black "Arora, Mayhul"]
[Result "1-0"]
[WhiteElo "1557"]
[BlackElo "1406"]
[PlyCount "85"]
[EventDate "2009.11.29"]
[Source "NWChess.com"]
[SourceDate "2009.12.26"]

1. e4 c5 2. Nf3 d6 3. d4 cxd4 4. Nxd4 Nf6 5. Nc3 g6 6. Bd3 Bg7 7. Be3 O-O 8.
O-O Nc6 9. Qd2 Ng4 10. Nxc6 bxc6 11. Bg5 Qc7 12. Rab1 d5 13. Bf4 Qd8 14. exd5
cxd5 15. Nb5 a6 16. Nc3 Bb7 17. Be2 Nf6 18. Bf3 e6 19. Ne2 Rc8 20. b3 Ba8 21.
Bg5 Qc7 22. Rbc1 Rfe8 23. Rfd1 Qb6 24. Be3 Qd8 25. Ng3 Nd7 26. Bh6 Bh8 27. h4
Qc7 28. c4 Qd6 29. h5 Nf6 30. hxg6 hxg6 31. Qg5 Qe7 32. cxd5 Rxc1 33. Rxc1 Bxd5
34. Bxd5 Nxd5 35. Qg4 Kh7 36. Bg5 Nf6 37. Qh4+ Kg8 38. Ne4 Qa3 39. Nxf6+ Bxf6
40. Bxf6 Qxc1+ 41. Kh2 Qc7+ 42. g3 Qc2 43. Qh8# 1-0

[Event "Washington Class Ch - C Section"]
[Site "Redmond, WA"]
[Date "2009.11.27"]
[Round "5"]
[White "Varner, Murlin"]
[Black "Bashkansky, Ethan"]
[Result "0-1"]
[WhiteElo "1557"]
[BlackElo "1538"]
[PlyCount "46"]
[EventDate "2009.11.29"]
[Source "NWChess.com"]
[SourceDate "2009.12.26"]

1. d4 d5 2. c4 dxc4 3. Nc3 e5 4. dxe5 Qxd1+ 5. Nxd1 Nc6 6. Nf3 Be6 7. e4 O-O-O
8. Be2 Bb4+ 9. Nc3 Nge7 10. Bg5 Nd4 11. Nxd4 Rxd4 12. O-O Nc6 13. Be3 Bxc3 14.
bxc3 Rxe4 15. Bf3 Rxe5 16. Bxc6 bxc6 17. Bd4 Ra5 18. Bxg7 Rg8 19. Bd4 Bh3 20.
Rfe1 Rxg2+ 21. Kh1 Rag5 22. Rab1 Bf5 23. Rb2 Be4 0-1

[Event "Washington Class Ch - C Section"]
[Site "Redmond, WA"]
[Date "2009.11.28"]
[Round "3"]
[White "Varner, Murlin"]
[Black "Piper, August"]
[Result "0-1"]
[WhiteElo "1557"]
[BlackElo "1518"]
[PlyCount "72"]
[EventDate "2009.11.29"]
[Source "NWChess.com"]
[SourceDate "2009.12.26"]

1. e4 c5 2. Nf3 d6 3. d4 cxd4 4. Nxd4 Nf6 5. Nc3 a6 6. Be2 e6 7. f4 Qc7 8. Be3
b5 9. Bf3 Bb7 10. a3 Nbd7 11. Qd2 Be7 12. O-O O-O 13. Rad1 Nb6 14. b3 Rac8 15.
Nde2 Rfd8 16. Qc1 Nbd7 17. Kh1 Nc5 18. e5 Nfe4 19. b4 Nxc3 20. Nxc3 Bxf3 21.
Bxc5 Bxd1 22. exd6 Bxd6 23. Bxd6 Rxd6 24. Nxd1 Qxc2 25. Qxc2 Rxc2 26. Ne3 Rc3
27. Ng4 f6 28. Nf2 f5 29. g4 Kf7 30. Kg2 Rd2 31. Kg1 Rxa3 32. Rc1 Raa2 33. Nh3
h6 34. Rc7+ Kg6 35. gxf5+ exf5 36. Rc6+ Kh7 0-1

[Event "Washington Class Ch - C Section"]
[Site "Redmond, WA"]
[Date "2009.11.27"]
[Round "2"]
[White "Viswanathan, Abinav"]
[Black "Varner, Murlin"]
[Result "1/2-1/2"]
[WhiteElo "1344"]
[BlackElo "1557"]
[PlyCount "142"]
[EventDate "2009.11.29"]
[Source "NWChess.com"]
[SourceDate "2009.12.26"]

1. e4 e6 2. d4 d5 3. Nc3 Bb4 4. e5 c5 5. a3 cxd4 6. axb4 dxc3 7. bxc3 Qc7 8.
Qd4 Nc6 9. Bb5 Nge7 10. Nf3 O-O 11. Bxc6 Nxc6 12. Qe3 b6 13. Ba3 Ne7 14. Nd4
Ng6 15. f4 f6 16. O-O fxe5 17. fxe5 Bd7 18. Rxf8+ Rxf8 19. b5 Rf7 20. Bd6 Qc4
21. Rb1 Qa2 22. Qe1 Rf4 23. Ra1 Qc4 24. g3 Rf7 25. Rxa7 Bxb5 26. Rxf7 Kxf7 27.
Qf2+ Kg8 28. Nxe6 Qxc3 29. Kg2 Qc4 30. Kg1 d4 31. Nxd4 Ba6 32. e6 Qc8 33. Qf7+
Kh8 34. Nf5 Qg8 35. Qd7 Bc8 36. Qb5 Bxe6 37. Nd4 Bh3 38. Qxb6 Qe8 39. Qb8 Qxb8
40. Bxb8 Ne7 41. Kf2 Kg8 42. Ke3 Kf7 43. c4 Ke8 44. Bd6 Kd7 45. c5 Nf5+ 46.
Nxf5 Bxf5 47. Kf4 g6 48. g4 Be6 49. g5 Bf5 50. Ke5 Ke8 51. Kf6 Be4 52. Kg7 Bf5
53. Kxh7 Kf7 54. h4 Be4 55. Kh6 Bf3 56. Kh7 Be4 57. Be5 Ke6 58. Bd6 Kf5 59. Bg3
Bc6 60. Kh6 Bf3 61. Kg7 Bd5 62. Kf8 Ke6 63. Ke8 Bc6+ 64. Kd8 Kd5 65. Bf2 Bb5
66. Kc7 Bc6 67. h5 gxh5 68. Kb6 Be8 69. Kc7 $2 (69. Bh4 $3 {zugzwang}) 69... h4
$1 70. Bxh4 Kxc5 71. Kd8 Bh5 1/2-1/2